| 000 | 00477nam a2200169Ia 4500 | ||
|---|---|---|---|
| 003 | SGT | ||
| 020 | _a9788131718087 | ||
| 082 |
_a621.3916 _bMUE |
||
| 100 | _aMueller's,Scott | ||
| 245 | _aUpgrading and repairing pcs | ||
| 250 | _a18th Ed. | ||
| 260 |
_bPearson _aN.Delhi _c2010 |
||
| 300 | _a1556p. | ||
| 650 | _aCOMPUTER SCIENCE | ||
| 653 | _aINTRODUCTION,DEVELOPMENT OF THE PC,PC COMPONENTS,FEATURES,AND SYSTEMS DESIGN,MOTHERBOARDS AND BUSES,BIOS,MEMORY | ||
| 942 |
_2ddc _cBK |
||
| 999 |
_c5201 _d5201 |
||